000 01025naa a22002897a 4500
001 BR6900335
003 BR-BrBNA
005 20240918173350.0
007 ta
008 230509b bl.||||| |||| 00| 0 por d
040 _aBR-BrBNA
_bpor
_cBiblioteca Nacional de Agricultura
041 _a(Pt)
072 _aH20
_b4120
090 _aH20 BR6900335
100 1 _aBaracho, I.R.
111 1 _a20. Congresso Nacional de Botanica
_cGoiania, GO (Brazil)
_d19 Jan 1969
245 1 _aInfluencia de fatores citoplasmaticos na conidiacao de Aspergillus nidulans (Eidam)Winter
260 3 _aRio de Janeiro, GB (Brasil):
_c1969.
500 _aAnais da Sociedade Botanica do Brasil Rio de Janeiro, GB (Brasil): 1969. p. 217-220 (BR6900335-AM)H20
650 _aDoenca de planta
650 _aAspergilose
650 _aFungo
650 _aConidio
773 0 _tAnais da Sociedade Botanica do Brasil
_wH20 BR6900335
_gRio de Janeiro, GB (Brasil), 1969. p. 217-220
909 _a202404
_bLucia
_c55
_dLucia Elande
942 _cAM
_2AGRIS
999 _c304200
_d304200